00918nam a2200217 a 4500001001000000003000500010005001700015008004100032010001100073011001100084040000900095100003800104245018500142260004100327500006000368502010900428650003300537650003200570650002800602856007000630000112943CHAP20220329144329.0170222s2016 mx sm |||||||spa d a109404 a110376 cCHAP1 aMorales Figueroa, Sandy Guadalupe10aResistencia al herbicida mesosulfuror + Iodosulfuron de un biotipo de avena fatua L. proveniente del Valle de Hermosillo Sonorah[En línea]cpor Sandy Guadalupe Morales Figueroa. aChapingo, Méx. :bEl autor,c2016. aPara ver el contenido del material haga clic en la liga aTesis (Ing. Agr. Esp. en Parasitología Agrícola) -- UACH. Departamento de Parasitología Agrícola14aHerbicidasxEfecto en Avena.14aInsecticidasxAplicación.14aMalas hierbasxControl. aFinding aiduhttp://10.13.5.2/tesis/sist112943.pdfzTeclea aquí